A főbb logisztikai tevékenységek meghatározása és a Philatelia Hungarica Kft. raktározásának bemutatása

Bibliográfiai részletek
Szerző: Reitinger Mercédesz
További közreműködők: Bartha Dr. Andrea
Dokumentumtípus: Diplomadolgozat
Kulcsszavak:Raktározás
Logisztika
Elsoztás
Online Access:http://dolgozattar.uni-bge.hu/5213

MARC

LEADER 00000nta a2200000 i 4500
001 dolg5213
005 20160727152033.0
008 160429suuuu hu om 000 hun d
040 |a BGE Dolgozattár Repozitórium  |b hun 
041 |a hu 
100 1 |a Reitinger Mercédesz 
245 1 2 |a A főbb logisztikai tevékenységek meghatározása és a Philatelia Hungarica Kft. raktározásának bemutatása  |c Reitinger Mercédesz  |h [elektronikus dokumentum] 
695 |a Raktározás 
695 |a Logisztika 
695 |a Elsoztás 
700 1 |a Bartha Dr. Andrea  |e ths 
856 4 0 |u http://dolgozattar.uni-bge.hu/5213/1/Szakdolgozat_Reitinger_Merc%C3%A9desz_v%C3%A9gleges.pdf  |z Dokumentum-elérés